000 00858nab a2200253 u 4500
001 19677
003 HDC
007 cr bn ---aaaaa
008 210302c |r|noo 0 a d
040 _aHDC
100 _aS. Perez,
_aAce June Rell,
_eauthor
_918026
245 0 _aHALAL SECTOR WELCOMES BRUNEI'S COMMITMENT /
_cby Ace June Rell S. Perez
260 _a[No place] :
_b[publisher not identified],
_c2016
336 _atext
_2rdacontent
337 _acomputer
_2rdamedia
338 _aonline resource
_2rdacarrier
650 _aHalal industry
_9144
650 _aTourism industry
_92298
710 _aSUN STAR
856 _zRequest full-text at [email protected]
942 _2lcc
942 _cNEWS
942 _kNWSO 009808
999 _c16993
_d16993